000 00765nam a2200241Ia 4500
003 OSt
005 20220930194849.0
006 a|||||r|||| 00| 0
007 ta
008 220926b |||||||| |||| 00| 0 eng d
024 _a13313
037 _cDissertations
040 _aCRL
_cCRL
_beng
041 _2eng
_aeng
100 _aRoll No. 20
_9562348
110 _aUniversity of Delhi. Faculty of Education. Department of Education
245 0 _aStudy of the curriculum of history (B.A. Honours) in the degree colleges of the University of Delhi during 1960-70
260 _c1971
650 _aEDUCATION
700 _aUniversity of Delhi. Faculty of Education. Department of Education
942 _cDIS
_2CC
999 _c898241
_d898241